000
00297nam a2200109Ia 4500
008
171211s9999 xx 000 0 und d
245
_a
Capture: Digital Photography Essentials
245
_c
Glenn Rand
260
_c
2011
650
_x
cinema
856
_u
http://down.ebook777.com/063/1933952725.pdf
999
_c
348745
_d
348745